000 01021nam a2200229Ia 4500
999 _c38365
_d38365
001 4375
003 GE_BSU
005 20190520141927.0
008 181216s1978||||ge |||||||||||||| ||geo||
040 _cGE_BSU
041 _ageo
082 _a53(042.4) ღ–80
100 _aღონღაძე, დ
_91353
245 _aზოგადი ფიზიკა:ოპტიკა და ნივთიერების აღნაგობა. ნაწ. lll.
_bლექციების კონსპექტი /
_cდ. ღონღაძე ; რედ : ე. კირვალიძე.
250 _aმეორე გამოც.
264 _aთბილისი :
_bსპი,
_c1978.
300 _a204 გვ .:
_c20 სმ.
653 _aზოგადი ფიზიკა. ოპტიკა;ნივთიერების აღნაგობა.
653 _aფიზიკა
700 _a კირვალიძე, ე
_eრედაქტორი
_91375
942 _cBK
_2udc